Riadenie ľudských zdrojov je obsahovo širšie a komplexnejšie ako personalistika komplexný pohľad na fungovanie manažmentu zamestnancov v organizácii

Význam riadenia ľudských zdrojov v podniku. Jednotlivé kroky výberového konania. Hodnotenie a odmeňovanie pracovníkov. Spôsoby, metódy a štýl riadenia. Vzdelávanie, odborná príprava a výcvik pracovníkov.

Na minha lista:
Detalhes bibliográficos
Formato: Capítulo de Livro
Idioma:eslovaco
Assuntos:
Tags: Adicionar Tag
Sem tags, seja o primeiro a adicionar uma tag!

MARC

LEADER 00000naa a2200000 4500
001 r035846
005 20230824101825.7
041 0 |a slo 
044 |a SK 
245 1 0 |a Riadenie ľudských zdrojov je obsahovo širšie a komplexnejšie ako personalistika  |b komplexný pohľad na fungovanie manažmentu zamestnancov v organizácii 
520 |a Význam riadenia ľudských zdrojov v podniku. Jednotlivé kroky výberového konania. Hodnotenie a odmeňovanie pracovníkov. Spôsoby, metódy a štýl riadenia. Vzdelávanie, odborná príprava a výcvik pracovníkov. 
610 2 0 |a zdroje ľudské 
610 2 0 |a riadenie 
610 2 0 |a personalistika 
610 2 0 |a manažment 
610 2 0 |a výber pracovníkov 
610 2 0 |a hodnotenie pracovníkov 
610 2 0 |a odmeňovanie 
610 2 0 |a riadenie podnikové 
610 2 0 |a manažéri 
610 2 0 |a vzdelávanie ďalšie 
610 2 0 |a príprava odborná 
610 2 0 |a výcvik 
610 2 0 |a zamestnanci